Statistics for English Words That Are Actually Spanish #2

Click here to take the quiz!

General Stats

  • This quiz has been taken 53 times
  • The average score is 6 of 9

Answer Stats

HintCity% Correct
The AngelsLos Angeles
93%
Saint FrancisSan Francisco
93%
Saint AnthonySan Antonio
91%
Good ViewBuena Vista
74%
The PassEl paso
74%
Holy CrossSanta Cruz
63%
The MeadowsLas Vegas
57%
King’s MountainMonterey
33%
Ash TreeFresno
9%

Score Distribution

Percentile by Number Answered

Percent of People with Each Score

Your Score History

You have not taken this quiz